000 00380pab a2200145 454500
008 180718b2003 xxu||||| |||| 00| 0 eng d
100 _aSiwach, Sunita
245 _aPredictors of police specific stress and job outcome in police personnel
260 _c2003
300 _ap.21-28.
362 _aJan-Mar
650 _aPolice
773 _aIndian Police Journal
909 _a58671
999 _c58671
_d58671